000 00532nam a2200217 454500
001 023359
003 BD-ChCU
008 Eng
020 _ax
040 _aDLC
_cDLC
_dBD-ChCU
082 0 0 _a519.5/S566n
100 1 _aSiegel, Sidney.
_bx
245 1 0 _aNonparmetric statistics for the Dehavioral sciences
_bx
250 _ax
260 _aNew York ; London
_bMcGraw - Hill
_c1956
300 _axvii, 321
504 _aIncludes
650 0 _aPsychmoetircs
_bNonparametric statisticsq
700 1 _ax
942 _2ddc
_cBK
999 _c23359
_d23359